|
|
|
|
| LEADER |
00000nam a2200000 i 4500 |
| 001 |
DIGVIETO131 |
| 003 |
NyNyDIG |
| 008 |
200516s2017 sp ob 000 0 spa d |
| 006 |
m o d |
| 007 |
cr ||||||||||| |
| 035 |
|
|
|a (OCoLC)1155430181
|
| 040 |
|
|
|a DGITA
|b eng
|e rda
|e pn
|c DGITA
|
| 020 |
|
|
|z 9788416995097
|
| 020 |
|
|
|z 8416995095
|
| 041 |
1 |
|
|a spa
|h fre
|
| 043 |
|
|
|a e-ur---
|
| 050 |
1 |
4 |
|a DK265.9.I5 ebook
|
| 082 |
0 |
4 |
|a 947.0841
|
| 100 |
1 |
|
|a Amin, Samir,
|e author.
|
| 240 |
1 |
0 |
|a Centenaire de la révolution d'octobre 1917.
|n Chapitre 1,
|p Révolution d'Octobre 1917 a amorcé la transformation du monde.
|l Spanish
|s (Sarret)
|
| 245 |
1 |
0 |
|a Octubre 1917 /
|c Samin Amin ; traducción de Josep Sarret.
|
| 246 |
1 |
6 |
|a Revolución de octubre de 2017 inició la transformación del mundo
|
| 264 |
|
1 |
|a [Vilassar de Dalt (Barcelona)] :
|b El Viejo Topo,
|c [2017]
|
| 300 |
|
|
|a 1 online resource.
|
| 336 |
|
|
|a text
|b txt
|2 rdacontent
|
| 337 |
|
|
|a computer
|b c
|2 rdamedia
|
| 338 |
|
|
|a online resource
|b cr
|2 rdacarrier
|
| 347 |
|
|
|a text file
|2 rdaft
|
| 347 |
|
|
|b PDF
|
| 500 |
|
|
|a This is the first chapter from the book by Samir Amir "La revolución de octubre cien años después."
|
| 504 |
|
|
|a Includes bibliographical references.
|
| 588 |
0 |
|
|a Online resource; title from PDF title page (Digitalia, viewed May 25, 2020)
|
| 651 |
|
0 |
|a Soviet Union
|x History
|y Revolution, 1917-1921
|x Influence.
|
| 655 |
|
0 |
|a Electronic books.
|
| 791 |
2 |
|
|a Digitalia (Firm),
|e distributor.
|
| 793 |
0 |
|
|g Digitalia eBook Collection:
|a El Viejo Topo
|
| 776 |
0 |
8 |
|i Print version:
|a Amin, Samir.
|s Centenaire de la révolution d'octobre 1917. Chapitre 1, Révolution d'Octobre 1917 a amorcé la transformation du monde. Spanish (Sarret).
|t Octubre 1917.
|d [Vilassar de Dalt (Barcelona)] : El Viejo Topo, [2017]
|z 9788416995097
|
| 856 |
4 |
0 |
|3 Digitalia Hispánica
|u https://www.digitaliapublishing.com/a/57814/
|
| 910 |
|
|
|a Premium collection: 2020
|